Score 0/24 Timer 07:00
0 Plays Today
% Correct
Gladiator
97.5%
Braveheart
92.7%
The Revenant
89.7%
V for Vendetta
88.1%
Django Unchained
87.2%
Carrie
78.2%
Gangs of New York
75.2%
Inglourious Basterds
71.6%
Kill Bill: Volume 1
69.8%
Horrible Bosses
62.7%
The Crow
62.7%
Léon: The Professional
62.2%
% Correct
Quantum of Solace
60.7%
Machete
58.2%
Unforgiven
53.6%
The Sting
43.7%
Lucy
43.5%
Payback
36.7%
Death Wish
35.9%
Man on Fire
29.2%
Munich
21.7%
Darkman
20.7%
Hard Candy
19.5%
Straw Dogs
15.2%
Remove Ads.
Support Sporcle.
Get the best of Sporcle when you Go Orange. This ad-free experience offers more features, more stats, and more fun while also helping to support Sporcle. Thank you for becoming a member.

You're not logged in!

Compare scores with friends on all Sporcle quizzes.
OR
Log In

Show Comments

Extras

Top Quizzes Today


Score Distribution

Your Account Isn't Verified!

In order to create a playlist on Sporcle, you need to verify the email address you used during registration. Go to your Sporcle Settings to finish the process.

Report this User

Report this user for behavior that violates our Community Guidelines.

Details: